10 stolic Azji wysuniętych najbardziej na zachód - Statystyki

Ogólne statystyki
  • Ten quiz został rozwiązany 2 290 razy
  • Średni wynik to 7 z 10
Statystyki odpowiedzi
Długość Stolica % Poprawnych
32.87 °E Ankara
94%
35.22 °E Jerozolima
89%
36.30 °E Damaszek
78%
33.37 °E Nikozja
78%
35.52 °E Bejrut
73%
44.78 °E Tbilisi
73%
44.52 °E Erywań
69%
44.43 °E Bagdad
68%
35.93 °E Amman
61%
44.20 °E Sana
41%
Nie znaleziono quizów pasujących do podanych kryteriów
Rozkład punktacji
Procent ludzi z każdym wynikiem
Percentyl według liczby udzielonych odpowiedzi
Twoja historia wyników
Nie rozwiązałeś tego quizu